[Event "BIH-chT"]
[Site "Neum"]
[Date "2004.06.04"]
[Round "7.1"]
[White "Ruck, Robert"]
[Black "Lalic, Bogdan"]
[Result "1/2-1/2"]
[WhiteElo "2556"]
[BlackElo "2535"]
[Annotator "Huzman,A"]
[PlyCount "45"]
[EventDate "2004.05.29"]
[EventType "team"]
[EventRounds "9"]
[EventCountry "BIH"]
[SourceTitle "CBM 102"]
[Source "ChessBase"]
[SourceDate "2004.09.23"]
[SourceVersion "1"]
[SourceVersionDate "2004.09.23"]
[SourceQuality "1"]
[WhiteTeam "Sarajevo Zeljeznicar"]
[BlackTeam "Prozor Rama"]
[WhiteTeamCountry "BIH"]
[BlackTeamCountry "BIH"]

1. Nf3 d5 2. d4 Nf6 3. c4 dxc4 4. e3 e6 5. Bxc4 c5 6. O-O a6 7. Bb3 b5 8. a4 b4
9. Nbd2 Bb7 10. a5 Nbd7 11. Qe2 (11. Ba4 Be7 (11... Qc7 12. Ne5 Bd6 13. Ndc4
O-O 14. Nxd6 Qxd6 15. Nxd7 Nxd7 16. dxc5 Qxd1 17. Bxd1 Nxc5 18. Bd2 $11 {
1/2-1/2 Tratar,M-Gruskovnjak,T/Skofja Loka 2000/CBM 79 ext (29)}) 12. dxc5 Bxc5
13. Nb3 O-O 14. Ne5 (14. Bd2 Bd6 15. Qe2 Qb8 16. h3 Bd5 17. Rfc1 Qb7 18. Ne1 {
1/2-1/2 Hulak,K-Novkovic,M/Pula 2001/CBM 82 ext (18)}) 14... Nxe5 15. Nxc5 Qc7
16. Nxb7 Qxb7 17. Qd4 Ng6 18. Bd2 Rab8 19. Rfd1 Rfd8 20. Qc4 Rdc8 21. Qe2 Ne4
22. Be1 {1/2-1/2 Piket,J-Lautier,J/Monte Carlo 1996/CBM 56 (22)}) (11. Nc4 Be7
12. Nfe5 O-O 13. Qe2 Qc7 14. Bd2 Bd5 (14... cxd4 $6 15. exd4 Bd5 16. Bg5 Rad8
17. Rac1 Qb7 18. f3 Qb5 19. Kh1 $14 {1-0 Jussupow,A-Gonzalez Garcia,J/Linares
1997/CBM 58/[Huzman] (39)}) 15. Nxd7 Nxd7 16. e4 Bxc4 17. Qxc4 Qb7 18. d5 Ne5
19. Qe2 c4 20. Bxc4 Nxc4 21. Qxc4 exd5 22. exd5 Rfd8 $11 {0-1 Jussupow,
A-Lautier,J/It, Ubeda ESP 1997 (44)}) (11. e4 Nxe4 (11... cxd4 12. e5 Nd5 13.
Ne4 Nc5 14. Bg5 Qd7 15. Nxc5 Bxc5 16. Rc1 Qc7 17. Bxd5 Bxd5 18. Qa4+ Kf8 19.
Bd2 {1-0 Khenkin,I-Hillarp Persson,T/Stockholm 1998/CBM 68 ext (19)}) 12. Nxe4
Bxe4 13. Ng5 Bd5 14. Bxd5 exd5 15. Re1+ Be7 16. Qh5 g6 17. Qh6 Nf6 18. Qg7 Kd7
19. Qxf7 {1-0 Cvitan,O-Giertz,N/Biel 1997/CBM 60 ext (19)}) (11. Re1 cxd4 12.
exd4 Be7 13. Qe2 O-O 14. Bxe6 Re8 15. Ng5 {1-0 Reinemer,F-Coenen,A/Helmond
2001/EXT 2003 (15)}) (11. Ne5 Be7 12. Ba4 Rc8 13. dxc5 Rxc5 14. Ndf3 Rd5 15.
Qe2 O-O 16. Bc6 Nxe5 17. Nxe5 Rxe5 18. Bxb7 Rxa5 19. Rxa5 Qxa5 20. Qxa6 Qc7 21.
Qc6 Qxc6 22. Bxc6 Rc8 $15 {1/2-1/2 Mikhalevski,V-Lesiege,A/Montreal CAN 2004/
(70)}) 11... Be7 12. Nc4 O-O 13. Bd2 (13. Rd1 Qc7 14. h3 Rfd8 15. Bd2 Ne4 16.
Be1 Rac8 17. Rac1 Qb8 18. Nfe5 Nxe5 $2 19. dxe5 Bd5 20. f3 Bxc4 21. Rxd8+ Rxd8
22. Rxc4 Ng5 23. f4 $18 {1-0 Popovics,A-Neber,Z/Balatonlelle 2001/EXT 2002 (34)
}) 13... Qb8 (13... Bd5 $5) 14. Ba4 (14. Nfe5 $5 Qa7 (14... Bd5 15. Nxd7 Nxd7
16. e4 Bb7 17. Ba4 $36) (14... Nxe5 15. dxe5 Nd7 16. f4 $14) 15. Rfd1 $13)
14... Bd5 15. Rfc1 (15. e4 $5 Bxe4 $1 (15... Bxc4 16. Qxc4 cxd4 17. Nxd4 Nxe4
18. Be3 $44) 16. Nfe5 Qb7 17. Bxd7 (17. Nxd7 Nxd7 18. Bxd7 Bxg2 19. Ne5 Rad8
20. Rfc1 Rxd7 21. Nxd7 Bh3 22. f3 Qxd7 $44) 17... Bxg2 18. Nb6 Rad8 (18... Bxf1
19. Rxf1 Rad8 20. Bc6 Qc7 21. Bg2 Rxd4 22. Nc6 Rg4 23. Nxe7+ Qxe7 24. Qxa6 Rd8
25. Bc1 $13) 19. Rfd1 Nxd7 20. Nbxd7 Rxd7 21. Nxd7 Bh3 22. f3 Qxd7 23. Be3 Qc6
$44) 15... Qb7 $11 16. dxc5 (16. Nfe5 $142 Rad8 17. f3 cxd4 18. exd4 $11) 16...
Bxc5 17. Nce5 Nxe5 (17... Bd6 $5 18. Nxd7 (18. Nc4 Bc7 19. Bxd7 Nxd7 20. Ra4
Bxf3 $1 21. Qxf3 (21. gxf3 Qb5 $1 22. Rxb4 Qg5+ 23. Kf1 (23. Kh1 $2 Qh5 $19)
23... Bxh2 $40) 21... Qxf3 22. gxf3 Nc5 $17) 18... Nxd7 {[%cal Yb7g2]} 19. Bxd7
Qxd7 20. e4 Bb7 $15) 18. Nxe5 Rac8 (18... Bd6 19. Nc4 (19. Bc6 Bxc6 20. Nxc6
Rfc8 $15) 19... Bc7 20. f3 $11) 19. f3 Bd6 20. Nc4 (20. Nd3 Bc4 $15) 20... Bxc4
(20... Bxh2+ 21. Kxh2 Qc7+ 22. Kg1 Bxc4 23. Qe1 Qb7 24. Bxb4 Rfd8 25. b3 Bd3
26. Bc5 Nd5 27. Qg3 $11) (20... Bc7 21. Bb3 Qb8 22. g3 Nd7 23. e4 $14) 21. Rxc4
Rxc4 22. Qxc4 Rc8 23. Qe2 (23. Qe2 Rc5 24. Bb3 Bc7 25. g3 (25. Bc4 $2 Bxh2+ $1
$17) 25... Bxa5 26. Bc4 $11) 1/2-1/2

[Event "FIDE-Wch k.o."]
[Site "Groningen"]
[Date "1997.12.10"]
[Round "1.2"]
[White "Zvjaginsev, Vadim"]
[Black "Benjamin, Joel"]
[Result "1/2-1/2"]
[WhiteElo "2635"]
[BlackElo "2580"]
[Annotator "Huzman,A"]
[PlyCount "57"]
[EventDate "1997.12.09"]
[EventType "k.o."]
[EventRounds "7"]
[EventCountry "NED"]
[SourceTitle "CBM 063"]
[Source "ChessBase"]
[SourceDate "1998.03.26"]
[SourceVersion "1"]
[SourceVersionDate "1998.03.26"]
[SourceQuality "1"]

1. Nf3 d5 2. d4 Nf6 3. c4 dxc4 4. e3 e6 5. Bxc4 c5 6. O-O a6 7. a4 Nc6 8. Nc3
cxd4 9. exd4 Be7 10. Bg5 O-O 11. Qd2 (11. Ba2 Nb4 12. Bb1 b6 13. Ne5 Bb7 14. f4
g6 15. Rf2 Rc8 16. Bh6 Re8 17. Ra3 Nc6 18. Nxc6 Rxc6 19. Rb3 Rd6 $17 {0-1
Horvath,M-Grinfeld,A/Silvaplana-W 1993 (43)}) (11. Rc1 Nb4 12. Qb3 {[%csl Rb4]
[%cal Gg5f6]} Qa5 $6 13. Rfe1 Bd7 14. Re5 Qd8 15. Bxf6 gxf6 16. Rh5 Kh8 17. Ne4
Rg8 18. Nc5 Bc6 19. Rd1 Nd5 20. Bxd5 Bxd5 21. Qe3 Rg7 $132 {1-0 Bastys,
R-Sulskis,G/LTU-ch 1996 (34)}) 11... b6 (11... Bd7 12. Rad1 Rc8 13. Qe2 Qc7 14.
d5 Nd8 15. Ba2 Bb4 16. Bxf6 gxf6 17. Ne4 Kg7 18. Rd4 $40 {1-0 Ujtelky,M-Fichtl,
J/CSR-ch 1959 (25)}) (11... Nd5 12. Bxe7 Ncxe7 13. Rfc1 Bd7 14. Ne5 Rc8 15. Bf1
Nxc3 16. Rxc3 Rxc3 17. bxc3 {1/2-1/2 Ujtelky,M-Kozma,J/Stary Smokovec 1969}) (
11... Nb4 12. Rac1 b6 13. Rfd1 Bb7 14. Qe2 Nfd5 15. Ne4 Bxg5 16. Nexg5 h6 17.
Ne4 Rc8 $11 {1-0 Schulz,R-Raetsky,A/Berliner Sommer 1993 (40)}) (11... h6 12.
Bxf6 Bxf6 13. Rad1 Qc7 14. Qe2 Rd8 15. d5 Na5 16. dxe6 Nxc4 17. Rxd8+ Bxd8 18.
Nd5 Qc5 19. e7 Bxe7 20. Nxe7+ Kf8 21. Nxc8 Rxc8 22. Rc1 Qb4 $2 (22... Qf5 $1
$11) 23. Ne5 $18 {1-0 Derieux,C-De San Mateo,F/Paris-ch 1993 (27)}) 12. Rad1 (
12. d5 Na5 13. Ba2 Nxd5 14. Nxd5 exd5 15. Qxd5 Be6 16. Qxd8 Bxd8 17. Bxe6 fxe6
18. Bxd8 Rfxd8 19. Rfe1 Rd6 20. Rac1 Nc6 $14 {Sher,M-Shneider,A/Novi Sad op
1988/1-0 (47)}) 12... Bb7 13. Ne5 (13. d5 Na5 14. Ba2 Nxd5 15. Nxd5 exd5 16.
Bxd5 $11) 13... Nb4 (13... Rc8 $5 14. Nxc6 (14. Qe2 {[%cal Ge5f7]} Nxd4 15. Qe3
Nd5 (15... Bc5 16. b4 Nf3+ 17. Qxf3 Bxf3 18. Rxd8 Rfxd8 19. bxc5 Rxc5 $11) 16.
Nxd5 Bxg5 17. Qxd4 exd5 18. Bxd5 Bxd5 19. Qxd5 $11) (14. b3 Na5) 14... Rxc6 15.
Qe2 {[%cal Gc4a6,Gd4d5]} Qc8 16. b3 Re8 $11) 14. f4 Ne4 (14... Nfd5 $5 15. Bxe7
(15. Nxd5 Nxd5 (15... exd5 16. Bxe7 Qxe7 17. Bb3 $14) (15... Bxd5 16. Bxd5 Nxd5
17. Nc6 Qd7 18. Bxe7 Nxe7 19. Nxe7+ Qxe7 20. f5 exf5 21. d5 $36) 16. Bxe7 Nxe7
$15) 15... Nxe7 (15... Qxe7 16. f5 $36) 16. Qe2 $11) 15. Nxe4 Bxe4 16. Rde1 Bd5
(16... Bf5 $2 17. g4 $16) 17. Bxd5 (17. Bxe7 $142 Qxe7 18. f5 $1 Bxc4 19. Nxc4
Nd5 20. Qe2 $36) 17... Nxd5 18. Nc6 Qd6 19. Nxe7+ Nxe7 20. Bxe7 Qxe7 21. f5 Qd6
22. f6 (22. fxe6 fxe6 $11) 22... Rfd8 {[%csl Rd4]} 23. Re4 g6 {[%cal Yd6f8,
Yd8d5,Ya8d8] The position of the white looks very promising but the regrouping
black pieces,occured in the game,neutralized the initiative of the white.} 24.
Rf3 Qf8 25. Rh3 Rd5 $8 (25... Rac8 26. Reh4 h5 27. Rxh5 $18) 26. Reh4 h5 27. g4
Qd8 $1 28. gxh5 g5 (28... Qxf6 $5 29. hxg6 (29. Rg4 Rad8 30. hxg6 Rxd4 31.
gxf7+ Kxf7 $132) 29... Rg5+ 30. Rg3 Rxg3+ 31. hxg3 Qxg6 $11) 29. Rg3 (29. Rg4
Qxf6 30. Rhg3 Kh8 31. h4 Rad8 $1 (31... gxh4 32. Rg6 $1 fxg6 33. Qh6+ $18 {
[%cal Gg3g6]}) 32. hxg5 Rxd4 33. Qxd4 Qxd4+ 34. Rxd4 Rxd4 $11) 1/2-1/2

[Event "RUS-ch qual 57th"]
[Site "Tomsk"]
[Date "2004.05.25"]
[Round "3"]
[White "Kosyrev, Vladimir"]
[Black "Rustemov, Alexander"]
[Result "1/2-1/2"]
[WhiteElo "2529"]
[BlackElo "2593"]
[Annotator "Huzman,A"]
[PlyCount "65"]
[EventDate "2004.05.23"]
[EventType "swiss"]
[EventRounds "9"]
[EventCountry "RUS"]
[SourceTitle "CBM 102"]
[Source "ChessBase"]
[SourceDate "2004.09.23"]
[SourceVersion "1"]
[SourceVersionDate "2004.09.23"]
[SourceQuality "1"]

1. d4 d5 2. c4 dxc4 3. e3 c5 4. Bxc4 e6 5. Nf3 Nf6 6. O-O a6 7. a4 Nc6 8. Qe2
Qc7 9. Rd1 Bd6 10. dxc5 Bxc5 11. b3 b6 12. Bb2 Bb7 13. Nbd2 O-O (13... Qe7 14.
Ng5 Nb4 15. Rac1 Na2 16. Ra1 Nb4 17. Rac1 Na2 18. Ra1 Nb4 {1/2-1/2 Koneru,
H-Ganguly,S/Calicut IND 2003/(18)}) 14. Rac1 Rfd8 15. Bxf6 (15. Bd3 Nb4 16. Bb1
Qe7 17. Ng5 Nbd5 18. Nc4 h6 19. Nf3 Nb4 20. Nfe5 {1/2-1/2 Neverov,V-Vladimirov,
E/Frunze 1988/TD (20)}) (15. Ng5 Bd6 16. f4 h6 17. Nge4 Nxe4 18. Nxe4 Bf8 19.
Ng3 (19. Qg4 $5) 19... Rxd1+ 20. Rxd1 Na5 21. Bd3 Nxb3 $17 {0-1 Kursova,
M-Krush,I/Krasnoturinsk RUS 2004/(29)}) 15... gxf6 16. Ne4 Rxd1+ (16... Be7 17.
Bd3 f5 18. Ng3 Ba3 19. Ra1 Qe7 20. e4 $36) 17. Qxd1 Be7 18. h3 Qd8 (18... Rd8
19. Qe2 f5 20. Ng3 $36 {[%cal Gc4a6]} Rc8) 19. Qe2 Na5 20. Ng3 Kh8 21. Rd1 Qc7
22. Rd4 Nxc4 23. Rxc4 Qd8 24. Rd4 Qe8 25. Rh4 Qg8 26. Qc4 Bd5 (26... Rc8 27.
Qd4 Qd8 $15) 27. Qd4 Bxb3 28. Qxb6 Qb8 29. Qa5 Bd5 30. Qc3 Qb3 31. Qc7 Qb7 32.
Qc2 f5 33. Qc3+ (33. Qc3+ Kg8 (33... f6 34. Ng5 Kg8 (34... Rc8 35. Rxh7+ Kg8
36. Qa1 $16) 35. Rxh7 (35. Nxh7 Kf7 36. Qd4 Rg8 $1 $17 {[%csl Rh7]}) 35... Rc8
36. Qa1 Qc7 37. Kh2 $16) 34. Nh5 Qb1+ 35. Kh2 Qb8+ 36. Rf4 Qf8 37. Nf6+ Bxf6
38. Qxf6 Qg7 $11) 1/2-1/2

[Event "EU-ch 5th"]
[Site "Antalya"]
[Date "2004.05.16"]
[Round "2"]
[White "Stocek, Jiri"]
[Black "Markowski, Tomasz"]
[Result "1-0"]
[WhiteElo "2543"]
[BlackElo "2605"]
[Annotator "Huzman,A"]
[PlyCount "121"]
[EventDate "2004.05.15"]
[EventType "swiss"]
[EventRounds "13"]
[EventCountry "TUR"]
[SourceTitle "CBM 101"]
[Source "ChessBase"]
[SourceDate "2004.07.27"]
[SourceVersion "1"]
[SourceVersionDate "2004.07.27"]
[SourceQuality "1"]

1. d4 d5 2. c4 dxc4 3. e3 Nf6 4. Bxc4 e6 5. Nf3 a6 6. O-O Nbd7 7. a4 c5 8. Nc3
Qc7 9. Qe2 Bd6 10. dxc5 Nxc5 (10... Bxc5 $5 11. e4 Ng4 $132) 11. e4 Ncd7 12.
Bg5 b6 (12... Ng4 13. h3 Nge5 14. Nxe5 Nxe5 15. Bb3 O-O $132) 13. Rac1 Bb7 {
White try to exploit their development advantage.} (13... Ng4 14. h3 Nh2 15.
Nxh2 Bxh2+ 16. Kh1 Bf4 17. Nd5 $1 exd5 18. exd5+ Be5 19. f4 $16) 14. Bxe6 fxe6
15. Nb5 axb5 (15... Qb8 16. Nxd6+ Qxd6 17. e5 Bxf3 18. Qxf3 Qd5 19. exf6 Qxf3
20. gxf3 gxf6 21. Be3 Ke7 22. Rc6 $14) 16. Rxc7 Bxc7 17. Qxb5 Nxe4 {Light
pieces of Black are able to fight successfully against Qb5 due to having
forpost fields on d5 and c5.} (17... Bxe4 $1 18. Qc4 (18. Bxf6 gxf6 19. Re1
Bxf3 20. Rxe6+ Kd8 21. gxf3 Ra5 $17) 18... Nc5 19. b4 Bd5 (19... Bd3 20. Qc3
Bxf1 21. bxc5 O-O 22. cxb6 Bxb6 23. Kxf1 Rxa4 24. Qc6 $14) 20. Qc3 Na6 $13 {
/-/+}) 18. Qc4 Nec5 $6 (18... Ndc5 $5 19. b4 Bd5 $1 (19... Ba6 20. Qd4 $1 $40 {
[%cal Gd4g7]}) 20. Qc2 (20. Qd4 O-O $1 21. bxc5 Rxf3 22. cxb6 Bxb6 23. Qxb6 Rb3
$17) 20... O-O $1 $17 (20... Nxg5 21. Nxg5 Rxa4 $17 22. bxc5 Rg4 23. f4 Bxg2
24. Qxg2 Rxg2+ 25. Kxg2 bxc5 26. Nxe6 $11)) 19. b4 Bxf3 $6 (19... Rxa4 20. Qb5
O-O 21. bxc5 Nxc5 $15) 20. gxf3 Ne5 21. Qc3 O-O (21... Nxa4 22. Qxc7 Nxf3+ 23.
Kh1 Nxg5 24. Rg1 $1 h6 25. f4 $16) 22. f4 Ned3 23. bxc5 Nxc5 24. Be7 $16 Rf5
25. Bxc5 Rxc5 26. Qb3 $1 Re8 27. Re1 Kf7 28. Re4 g6 29. Kg2 Re7 30. Rd4 Rf5 31.
Rc4 Kg8 32. Qc3 (32. Rc6 Rxf4 33. Rxe6 $16) 32... Rff7 33. Rc6 e5 34. fxe5 Bxe5
35. Qc4 Bc7 36. Rf6 Kg7 37. Rxf7+ Rxf7 38. Qc3+ Kg8 39. h3 Kf8 40. Qh8+ Ke7 41.
Qg8 $1 Kf6 42. Kf1 {[%cal Gf1b5]} Re7 43. Qf8+ Rf7 44. Qh8+ Ke7 45. Qd4 Ke8 46.
h4 Kf8 47. Qh8+ Ke7 48. Qc8 Kd6 49. Qg8 Ke7 50. Ke2 Kf6 51. Qh8+ Ke7 52. Qg8
Kf6 53. Kd3 Ke7 54. Kc4 Kf6 55. Kb5 h5 56. Kc6 $18 Re7 57. Qf8+ Rf7 58. Qg8 Re7
59. Qf8+ Rf7 60. Qh6 Bd8 (60... Re7 61. f4 $1 Rf7 62. f5 Kxf5 63. Qg5+ Ke6 64.
Qxg6+ $18) 61. Qg5+ 1-0

[Event "YUG-ch53"]
[Site "Belgrade "]
[Date "1998.03.16"]
[Round "3"]
[White "Gligoric, Svetozar"]
[Black "Drasko, Milan"]
[Result "1/2-1/2"]
[WhiteElo "2480"]
[BlackElo "2515"]
[Annotator "Huzman,A"]
[PlyCount "45"]
[EventDate "1998.03.14"]
[EventType "tourn"]
[EventRounds "15"]
[EventCountry "YUG"]
[EventCategory "10"]
[SourceTitle "CBM 064"]
[Source "ChessBase"]
[SourceDate "1998.06.02"]
[SourceVersion "1"]
[SourceVersionDate "1998.06.02"]
[SourceQuality "1"]

1. d4 d5 2. Nf3 e6 3. c4 dxc4 4. e3 c5 5. Bxc4 a6 6. O-O Nf6 7. dxc5 Qxd1 8.
Rxd1 Bxc5 9. b3 (9. Nbd2 Ke7 10. Nb3 Bd6 11. Bd2 Nc6 12. Nfd4 Nxd4 13. Nxd4 Bd7
$10 {Gligoric,S-Donner,H/Eersel/1968/}) 9... Nbd7 (9... Nc6 10. Bb2 Bd7 11.
Nbd2 Be7 12. Ng5 Nd5 13. Nge4 O-O 14. Nf3 Nb6 15. Be2 Rfd8 16. Kf1 {1/2-1/2
Nikolic,P-Ljubojevic Reykjavik WCup 1991}) 10. Bb2 b5 (10... b6 11. Nbd2 (11.
Nc3 Bb7 12. Rac1 Be7 (12... h6 13. Na4 Be7 14. Bxf6 Bxf6 15. Rxd7 $1 Kxd7 16.
Nxb6+ $16) (12... Rc8 13. Na4 Be7 14. Bxf6 Bxf6 15. Rxd7 Kxd7 16. Nxb6+ $16 {
1-0 Maksimenko,A-Rublevsky,S/Norresundby op 1993 (39)}) 13. Nd4 Rc8 (13... O-O
$2 14. Nxe6 $1 $18) 14. f3 b5 15. Be2 Bc5 $1 $11 {Spassky,B-Fischer,R/St
Stefan/Belgrade m 1992/1-0 (50)}) 11... Bb7 12. Be2 (12. a3 O-O 13. Rac1 Rfc8
14. Be2 Be7 $11 {1/2-1/2 Sergejev,R-Yakovich,Y/EU-chTM 1997 (24)}) 12... Rc8
13. Rac1 Ke7 14. Nc4 Rhd8 15. a3 b5 16. Na5 Ba8 17. Nd4 Nb8 18. a4 $5 Bb4 19.
axb5 Bxa5 20. Ba3+ Ke8 21. bxa6 $44 {Spassky,B-Heinbuch,D/BL8687 1987/1-0 (49)}
) 11. Be2 Bb7 12. Nbd2 (12. a4 bxa4 13. bxa4 Rb8 14. Bc3 Ke7 $11 {Mascarinas,
R-Spangenberg,H/ARG-WORLD 1994/1/2-1/2 (63)}) 12... Ke7 (12... O-O 13. a4 (13.
Rac1 Rac8 14. Nf1 Nd5 15. Ng3 N7f6 $11 {Paglilla,C-Spangenberg,H/Buenos Aires
Najdorf op 1993/0-1 (64)}) 13... bxa4 14. Rxa4 Nb6 15. Raa1 a5 16. Rdc1 Rfc8
17. Bd4 Bxd4 18. Nxd4 Rxc1+ 19. Rxc1 Bd5 20. Bf3 {1/2-1/2 Yurtaev,
L-Yermolinsky,A/Frunze 1988}) 13. a4 bxa4 (13... b4 14. Nc4 Rhc8 15. Rac1 Bd5 (
15... a5 16. Nfd2 g6 17. Bf3 Bxf3 18. Nxf3 Nd5 19. Kf1 N7b6 20. Ke2 Nxc4 21.
Rxc4 Bd6 22. Rdc1 Rxc4 23. Rxc4 f6 24. g3 e5 $11 {1/2-1/2 Van der Sterren,
P-Schlosser,P/Munich 1989 (35)}) 16. Nd4 g6 17. Na5 Ne4 18. Bc4 Nb6 19. Bxd5
Nxd5 20. Ndc6+ Ke8 21. Rc4 $14 {1/2-1/2 Ivanov,J-Micic,C/Cheliabinsk 1989 (33)}
) 14. Rxa4 Nb6 $146 (14... Rhb8 15. Rc1 Bd5 $2 16. Ne5 $1 $14 {Spassky,
B-Fischer,R/St Stefan/Belgrade m 1992/1/2-1/2 (61)}) 15. Ra5 Bb4 16. Ba3 (16.
Raa1 Rhd8 $11) 16... Bxa3 17. Rxa3 Nfd5 {[%cal Yd5c3]} (17... Nbd5 18. Rda1 Nb4
19. Ra4 $16) 18. Nc4 (18. Rda1 Nb4 19. Nd4 Rhd8 $11) 18... Rhc8 (18... Nxc4 $6
19. bxc4 Nf6 20. Rb1 $14) 19. Kf1 (19. Na5 $2 Nc3) (19. Nxb6 Nxb6 20. Nd4 Nd5 (
20... a5 21. Rda1 Rc5 22. Bb5 {[%csl Ra5]}) (20... g6 {[%cal Ye6e5]} 21. Ra5 $1
$14 (21. Rda1 e5 22. Nf3 f6 $11)) 21. Rda1 Rc3 22. Kf1 Nc7 $14 {/=}) 19... Nxc4
20. bxc4 (20. Bxc4 Rab8 21. Nd4 Nb4 $11) 20... Nb4 21. Nd4 (21. Ne5 Rc7 $11 {
[%cal Yf7f6]}) 21... Rab8 22. Rc1 g6 {[%cal Ye6e5]} 23. Ra5 1/2-1/2

[Event "New York op"]
[Site "New York"]
[Date "1998.03.17"]
[Round "4"]
[White "Aleksandrov, Aleksej"]
[Black "Waitzkin, Joshua"]
[Result "1-0"]
[WhiteElo "2615"]
[BlackElo "2465"]
[Annotator "Huzman,A"]
[PlyCount "95"]
[EventDate "1998.03.16"]
[EventType "swiss"]
[EventRounds "9"]
[EventCountry "USA"]
[SourceTitle "CBM 064"]
[Source "ChessBase"]
[SourceDate "1998.06.02"]
[SourceVersion "1"]
[SourceVersionDate "1998.06.02"]
[SourceQuality "1"]

1. d4 d5 2. c4 dxc4 3. Nf3 Nf6 4. e3 e6 5. Bxc4 a6 6. O-O c5 7. e4 Nxe4 8. d5
Be7 9. dxe6 Bxe6 10. Qxd8+ Kxd8 {The position of the black king in the centre
creates for them problems during the whole game.} (10... Bxd8 11. Bxe6 fxe6 12.
Re1 Nf6 13. Rxe6+ Be7 14. Nc3 Nc6 15. Bf4 O-O 16. Rae1 Rfe8 17. Ne5 Nd8 18. Rb6
Bf8 19. Kf1 Re6 20. Nc4 Rxe1+ 21. Kxe1 Rc8 22. a4 $14 {Aleksandrov,A-Sadler,M/
Koge op 1997/1/2-1/2 (61)}) 11. Bxe6 fxe6 12. Re1 Nd6 (12... Nf6 13. Ng5 $16)
13. Nc3 (13. Rxe6 Nc6 14. Nc3 Kd7 15. Re1 $14 {[%cal Gc3d5,Gc3a4,Ga4c5,Ga4b6]})
13... Nc6 (13... Kd7 14. Ne5+ Kc7 15. Nd3 b6 16. Nf4 $16 {[%cal Gf4e6]}) 14.
Na4 (14. Rxe6 Kd7 15. Re2 $5 (15. Re1 $14) 15... Nd4 (15... Rae8 16. Be3 b6 17.
Rd1 $36) 16. Nxd4 cxd4 17. Nd5 Rae8 18. Bf4 $16 {[%csl Rd4]}) 14... Nf5 (14...
Nd4 15. Nxd4 cxd4 16. Nc5 Bf6 (16... Kc8 17. Bf4 $36 {[%csl Rc8,Rd4,Re6]}) 17.
Rxe6 $16) 15. Ne5 (15. Ng5 $1 Ncd4 (15... Nfd4 {-see game}) (15... Bxg5 16.
Bxg5+ Kc7 17. Nxc5 $16) 16. Nf7+ (16. Nb6 Rb8 17. Nf7+ (17. Bf4 Bxg5 18. Bxb8
Ke7 $11) 17... Kc7 18. Nc4 b5 19. Bf4+ Kb7 20. Nxh8 Rxh8 21. Ne3 $14) 16... Kd7
(16... Kc7 17. Bf4+ Kc6 18. Nxh8 Rxh8 19. Rad1 $16) 17. Nb6+ Kc6 18. Nxa8 Rxa8
19. Rb1 $14) 15... Nfd4 (15... Nxe5 16. Rxe5 Bd6 17. Rxe6 Re8 18. Rxe8+ Kxe8
19. Nb6 Rd8 20. Bg5 Be7 21. Re1 Kf7 $11) 16. Nxc6+ (16. Nf7+ Ke8 $1 (16... Kc7
17. Nxh8 Rxh8 (17... Nc2 18. Bf4+ e5 19. Rxe5 $18) 18. Bf4+ Bd6 19. Bxd6+ Kxd6
20. Rac1 $18) 17. Nxh8 Nc2 18. Be3 (18. Nb6 Rd8 19. Bf4 Nxa1 20. Rxa1 Bf6 {
[%cal Ye8e7]} 21. Bc7 (21. Re1 Ke7 22. Bd6+ Rxd6 23. Nc8+ Kd7 24. Nxd6 Kxd6 $17
{[%csl Rh8]}) 21... Rd2 $36) (18. Bf4 Rd8 $1 {[%cal Yd8d4,Yd4a4,Yd4f4]} (18...
Nxa1 19. Rxa1 Kf8 20. Rc1 Rd8 21. Kf1 Kg8 22. Ng6 hxg6 23. Nxc5 $14)) 18...
N6d4 {[%csl Rh8]} 19. Kf1 Nxa1 20. Rxa1 b5 21. Nc3 Kf8 (21... Nc2 22. Rd1 Nxe3+
23. fxe3 Bf6 24. Ne4 Ke7 25. Nxc5 Rxh8 26. Rd7+ Ke8 27. Rb7 $16) 22. Rd1 Kg8
23. Bxd4 cxd4 24. Rxd4 $14) 16... Nxc6 (16... bxc6 17. Be3 $44 {[%csl Rc5,Rc6,
Re6]}) 17. Rxe6 Nd4 (17... Kd7 18. Re4 $16 {[%csl Rb6,Rc5][%cal Ga4b6,Gc1e3,
Ge3c5,Ga4c5]}) 18. Re5 $1 Bd6 (18... Rc8 19. Be3 $16) 19. Rd5 Kc7 20. Nxc5 $16
Nc2 21. Rb1 Kc6 (21... Rhe8 22. Bd2 $1 (22. Bg5 Nb4 23. Rf5 Nxa2 24. Rf7+ Kc6
25. Nxb7 Bc7 26. Nc5 Ra7 $1 $11) 22... Kc6 23. Rd3 Bxc5 24. Rc1 $1 Re2 25. Rxc2
Rae8 26. h3 $16) 22. Rd2 Rhe8 23. Ne4 $1 Rxe4 24. Rxc2+ Kd7 25. Be3 $16 {/+-}
Rae8 26. Rd1 R8e6 27. g3 h6 28. Kg2 Ke7 29. Rcd2 {[%cal Gd2d6]} (29. h4) 29...
Rc4 {[%cal Yc4c1,Yc4c8]} 30. h4 b5 31. Bd4 Be5 (31... g6 32. Be3 $18) 32. Bxe5
Rxe5 33. Rd7+ Kf8 34. Ra7 $18 Rc2 (34... Re7 35. Rd8+ Kf7 36. Rxa6 Rc2 37. b3
Ree2 38. Ra7+ Kg6 39. Rd6+ Kh7 40. Rf7 Rxa2 41. Rdd7 $18) 35. Rd8+ Re8 36. Rdd7
Ree2 37. Ra8+ Re8 38. Rxa6 Rxb2 39. Raa7 Ree2 40. Rd8+ (40. Kh3 $5 $18) 40...
Re8 41. Rxe8+ Kxe8 42. Rxg7 Rxa2 43. Rh7 (43. Rg6 $5 h5 44. Rg5 $18) 43... Ra6
44. Rb7 Ra5 45. h5 Kf8 (45... b4 46. g4 $18) 46. Kh3 Ra2 47. f4 Rb2 48. Kh4 (
48. Kh4 Kg8 (48... b4 49. Kg4 $18 {[%cal Gg4f5,Gf5g6]}) 49. g4 Rb4 (49... b4
50. g5 hxg5+ 51. fxg5 b3 52. h6 Rh2+ 53. Kg4 b2 54. Kf5 $18) 50. Kg3 Rb3+ 51.
Kg2 b4 52. g5 Rd3 53. g6 Rd5 54. Kf3 Rxh5 55. Kg4 Rc5 56. f5 $18) (48. Kg4 $5
$18) 1-0